000 00224nam a2200097Ia 4500
001 689808
005 20250826161804.0
008 250824s9999 xx 000 0 und d
245 0 _aBEYAZ DİŞ
_cJACK LONDON
260 _bAKVARYUM
999 _c689808
_d689808